00511 2200169 4500001002100000005001500021035002000036007000300056008003900059082000700098084001300105100001800118245011400136260004600250650003100296990001400327INLIS00000000000988120260413021038 a0010-0426000206ta260413 | | |  a81 a81 OKT s0 aOKTI MARLIANI1 aSISTEM PENYUSUNAN ANGGARAN BEBASIS KINERJA PADA DINAS PERIKANAN KABUPATEN SERUYAN TAHUN 2024 /cOKTI MARLIANI aPALANGKA RAYA :bPERPUSTAKAAN UMPR,c2026 4aSISTEM PENYUSUNAN ANGGARAN a238101669